=LDR 00000nam 2200000 4500 =001 INLIS000000000000645 =005 20150407083651.0 =006 =007 =008 Ind =035 ##$$0010-061300000000645 =041 ##$$a Ind =082 ##$$a 92(Sumitro) =090 ##$$a 92(Sumitro), Cah-p =100 ##$$a Cahyono, Heru =245 ##$$a Pangkopkamtib jenderal Soemitro dan peristiwa 15 Januari 74, Heru Cahyono =260 ##$$a 1998 $b Jakarta =300 ##$$a xi, 312 hlm. : ilus. ; 21 cm =650 ##$$a Sumitro =850 ##$$a NBPNMAT